Treatise on sedimentation ; prepared under the auspices of the Committee on Sedimentation, Division of geology and geography, National research council of the National academy of sciences /

Bibliographic Details
Main Author: Twenhofel, William H. (William Henry), 1875-1957
Corporate Author: National Research Council (U.S.). Committee on Sedimentation
Format: Book
Language:English
Published: Baltimore : Williams & Wilkins, 1932.
Edition:2d ed., completely rev.
Subjects:

MARC

Tag First Indicator Second Indicator Subfields
LEADER 00000cam a2200000 4500
001 in00000042328
005 20151007072646.0
008 741220s1932 mduab b 00010 eng u
010 |a  32030891  
035 |a (OCoLC)01119116 
035 |9 AAE8314AM 
040 |c WOO  |d TXA  |d UtOrBLW 
049 |a TXAM  |c [138492] 
050 0 |a QE581  |b .T8 1932 
092 |a 551.3  |b T971t2 
092 |a 551.3  |b T 
100 1 |a Twenhofel, William H.  |q (William Henry),  |d 1875-1957. 
245 1 0 |a Treatise on sedimentation ;  |b prepared under the auspices of the Committee on Sedimentation, Division of geology and geography, National research council of the National academy of sciences /  |c by William H. Twenhofel and collaborators. 
250 |a 2d ed., completely rev. 
264 1 |a Baltimore :  |b Williams & Wilkins,  |c 1932. 
300 |a xxix, 926 pages :  |b illustrations (including maps) diagrams ;  |c 24 cm. 
336 |a text  |b txt  |2 rdacontent 
337 |a unmediated  |b n  |2 rdamedia 
338 |a volume  |b nc  |2 rdacarrier 
504 |a Bibliographical foot-notes; "Lists of authors cited": pages 891-904. 
650 0 |a Sedimentation and deposition. 
710 2 |a National Research Council (U.S.).  |b Committee on Sedimentation. 
999 |a MARS 
999 f f |s 8bd9aa85-4874-3c0e-b3a3-51d9b448286c  |i 1b93c8f5-f3ba-3df8-9409-7c33a7e5a228  |t 0 
952 f f |p ric  |a Texas A&M University  |b Rellis Campus  |c Joint Library Facility  |d Remote Storage  |t 0  |e QE581 .T8 1932  |h Library of Congress classification  |i unmediated -- volume  |m A14807205666 
952 f f |a Texas A&M University  |b College Station  |c Sterling C. Evans Library  |d Halbouty Reading Rm (Halbouty Bldg 173) (Does not check out)  |t 0  |e 551.3 T  |h Dewey Decimal classification 
998 f f |a QE581 .T8 1932  |t 0  |l Remote Storage 
998 f f |a 551.3 T  |t 0  |l Halbouty Reading Rm (Halbouty Bldg 173) (Does not check out)